| 000 | 00823nam a22002057a 4500 | ||
|---|---|---|---|
| 005 | 20171118145358.0 | ||
| 010 | _aUR-9642 | ||
| 020 | _c300.00. | ||
| 020 | _c9789386486011 | ||
| 035 | _aU-8197 | ||
| 037 | _bDBAD | ||
| 100 | _aمحمد زبیر | ||
| 245 |
_aفر قه و ا ر نہ فسا د ا ت ا و ر ا ر د و ا فسا نہ (1990-2010 _cمحمد زبیر |
||
| 246 |
_aFirqa Warana Fasadaat Aur Urdu Afsana(1990-2010) _bBy Mohd. Zubair |
||
| 260 |
_aد ہلی _b ا یجو کیشنل پبليشنگ ہا ؤ س _c2017ء |
||
| 270 |
_a3191,و کیل ا ستر یٹ کو چہ پنڈ ت لا ل کنو ا ن ، _bد لی _e110006 _k23216162 _l0091-11-23211540 |
||
| 300 |
_a244ص _c22 Cm.(B.b) |
||
| 500 | _aدو حصہ | ||
| 942 |
_2ddc _cUR _h841.08 _mم ح م |
||
| 999 |
_c143917 _d143917 |
||